Introdução à teoria das distribuições /
Guardado en:
| Autor Principal: | |
|---|---|
| Otros Autores: | |
| Formato: | Libro |
| Idioma: | Portuguese |
| Publicado: |
[Porto :
Centro de Estudos Matemáticos do Porto,
1957]
|
| Etiquetas: |
Agregar Etiqueta
Sin Etiquetas, Sea el primero en etiquetar este registro!
|
| LEADER | 00736nam a22001695a 4500 | ||
|---|---|---|---|
| 001 | MAT.inmabb000431 | ||
| 008 | 031211s1957####po############000#0#por#d | ||
| 005 | 20110303104516.0 | ||
| 245 | 1 | 0 | |a Introdução à teoria das distribuições / |c segundo as lições do Prof. J. Sebastião e Silva ; compiladas por António Andrade Guimaraes. |
| 260 | |a [Porto : |b Centro de Estudos Matemáticos do Porto, |c 1957] | ||
| 300 | |a 228 h. ; |c cm. | ||
| 500 | |a Pie de imprenta tomado de pt.wikipedia.org. | ||
| 500 | |a [Liçoes] proferidas no Centro de Estudios Matemáticos do Porto, em 1956-57. | ||
| 100 | 1 | |a Silva, J. Sebastião e, |d 1914-1972. | |
| 700 | 1 | |a Guimaraes, António Andrade. |4 com | |
| 084 | |a 46Fxx |2 msc2000 | ||
| 859 | |h 46 |i Si586 |p A-180 |b BIB. MATEMATICA | ||
